000 01747 a2200289 4500
003 OSt
005 20180116192328.0
008 120420t xxu||||| |||| 00| 0 eng d
010 _a 2004556876
020 _a0750659343
035 _a(OCoLC)ocm53392344
040 _c0
082 0 0 _a307.1216
100 1 _aWalters, David
_9945
245 1 0 _aDesign first :
_bdesign-based planning for communities /
_cDavid Walters, Linda Brown.
260 _aOxford :
_bArchitectural,
_c2004.
300 _ax, 288 p. :
_bill. (some col.), maps (some col.) ;
_c25 cm.
500 _aIncludes bibliographycal description
505 0 _aIntroduction : history, theory, and contemporary practice -- Paradigms lost and found : dilemmas of the Anglo-American city -- Cities, suburbs, and sprawl -- Traditional urbanism : new urbanism and smart growth -- Devices and designs : sources of good urbanism -- Growth management, development control, and the role of urban design -- Urban design in the real world -- The region, case study 1 : CORE, North Carolina -- The city, case study 2 : city of Raleigh, NC Arena small area plan -- The town, case study 3 : Mooresville, North Carolina -- The neighborhood, case study 4 : Haynie-Sirrine Neighborhood, Greenville, South Carolina -- The block, case study 5 : town center, Cornelius, North Carolina.
650 0 _aCity planning.
_9946
650 0 _aCity planning
_zUnited States.
_9947
700 1 _aBrown, Linda
_9948
856 4 1 _3Table of contents
_uhttp://www.loc.gov/catdir/toc/els051/2004556876.html
856 4 1 _3Publisher description
_uhttp://www.loc.gov/catdir/description/els051/2004556876.html
942 _aSADA
_cBK
_k307.1216 WAI 2004
_2ddc
999 _c352274
_d352274